000 00426nam a2200193Ia 4500
003 OSt
005 20221005130840.0
006 a|||||r|||| 00| 0
007 ta
008 221004b |||||||| |||| 00| 0 eng d
024 _a112325
037 _cTextual
040 _aCRL
_cCRL
_beng
041 _2eng
_aeng
100 _aApte
245 0 _aSankshap Shrirkam
942 _cTEXL
_2cc
999 _c1058600
_d1058600